5HLuxD.jpg

KING HENRY VIII SENIOR AND PRIMARY SCHOOL LIBRARY OPAC

The empty space / (Record no. 2932)

000 -LEADER
fixed length control field 01282cam a22003011a 4500
001 - CONTROL NUMBER
control field 436501
003 - CONTROL NUMBER IDENTIFIER
control field OSt
005 - DATE AND TIME OF LATEST TRANSACTION
control field 20230912150239.0
008 - FIXED-LENGTH DATA ELEMENTS--GENERAL INFORMATION
fixed length control field 201010s2008 enk 000 0 eng
015 ## - NATIONAL BIBLIOGRAPHY NUMBER
National bibliography number GBA783677
Source bnb
020 ## - INTERNATIONAL STANDARD BOOK NUMBER
International Standard Book Number 9780141189222
Qualifying information (pbk.) :
Terms of availability GBP$9.99
020 ## - INTERNATIONAL STANDARD BOOK NUMBER
International Standard Book Number 0141189223
Qualifying information (pbk.)
035 ## - SYSTEM CONTROL NUMBER
System control number (OCoLC)175283769
040 ## - CATALOGING SOURCE
Original cataloging agency UKM
Language of cataloging eng
Transcribing agency UKM
Modifying agency BTCTA
-- UBC
-- GBVCP
-- YDXCP
-- UKBOL
-- OCLCF
-- OCLCO
-- OCLCQ
-- P4A
-- BOS
-- OCLCO
-- OCLCQ
-- UKMGB
-- CNCLB
-- OCLCQ
-- NHU
-- KH8
042 ## - AUTHENTICATION CODE
Authentication code nbic
082 04 - DEWEY DECIMAL CLASSIFICATION NUMBER
Classification number 792 BRO
Edition number 22
100 1# - MAIN ENTRY--PERSONAL NAME
Personal name Brook, Peter,
Dates associated with a name 1925-
Relator term author.
245 14 - TITLE STATEMENT
Title The empty space /
Statement of responsibility, etc. Peter Brook.
260 ## - PUBLICATION, DISTRIBUTION, ETC.
Place of publication, distribution, etc. London :
Name of publisher, distributor, etc. Penguin,
Date of publication, distribution, etc. 2008.
300 ## - PHYSICAL DESCRIPTION
Extent 157 p. ;
Dimensions 20 cm.
490 1# - SERIES STATEMENT
Series statement Modern classics.
500 ## - GENERAL NOTE
General note Originally published: London: McGibbon & Kee, 1968.
505 0# - FORMATTED CONTENTS NOTE
Formatted contents note Deadly theatre -- Holy theatre -- Rough theatre -- Immediate theatre.
520 ## - SUMMARY, ETC.
Summary, etc. 'I can take any empty space and call it a bare stage', so begins Peter Brook's 1968 exploration of theatre, and his own life and career in it. He describes the, as he sees it, four types of theatre - deadly, holy, rough and immediate - and recounts his groundbreaking work at the Royal Shakespeare Company.
650 #0 - SUBJECT ADDED ENTRY--TOPICAL TERM
Topical term or geographic name entry element Theater.
830 #0 - SERIES ADDED ENTRY--UNIFORM TITLE
Uniform title Methuen Drama modern classics.
942 ## - ADDED ENTRY ELEMENTS (KOHA)
Source of classification or shelving scheme
Koha item type Teaching Resources
Holdings
Withdrawn status Lost status Source of classification or shelving scheme Damaged status Not for loan Collection code Permanent Location Current Location Shelving location Date acquired Full call number Barcode Date last seen Price effective from Koha item type
          Teaching Resources KH8 Senior School Library KH8 Senior School Library Staff Office 2023-09-12 792 BRO TRKHSL003061 2023-09-12 2023-09-12 Teaching Resources

Powered By KH8 IT Dept